000 00446nam a2200133Ia 4500
008 231129s2008||||xx |||||||||||||| ||spa||
020 _a978-958-719-087-8
040 _bspa
082 _a355.03 P466
245 0 _aPerspectivas actuales de la seguridad y la defensa colombiana en América Latina
260 _c2008
264 _aUniversidad Nacional de Colombia (Bogotá). Facultad de Derecho
942 _2ddc
_cBKS
999 _c22714
_d22714